000 00608nam a2200193 i 4500
001 131173
003 ES-MaACL
005 20251003191632.0
007 t|
008 070214s1926 fr r ||||1| fre d
100 1 _aRodier, Georges.
_998138
245 1 0 _aEtudes de philosophie grecque /
_cGeorges Rodier ; avec un préface de M. Etienne Gilson.
260 _aParis :
_b[s.n.],
_c1926.
300 _aVIII, 354 p. ;
_c23 cm.
650 7 _aFilosofía griega
_2embne
_912849
700 1 _aGilson, Étienne,
_d1884-1978
_957015
852 _aES-MaACL
_jF-15141
_bR.18821
999 _c131173
_d131173